00319nam a2200109Ia 4500008004100000245007700041260003700118260000900155300000900164650001400173650002200187170224s9999 xx 000 0 und d aDouble-Deficit Hypothesis in a Clinical Sample: Extension Beyond Reading bJournal of Learning Disabilities c2016 a49:5 xEducation xSpecial Education